Guess the Greek Rapper by the Picture - Statistics

General Stats
  • This quiz has been taken 10 times
  • The average score is 73 of 177
Answer Stats
Picture Answer % Correct
ARAB
100%
Bloody Hawk
100%
DAIMA
100%
FY
100%
Hawk
100%
LEX
100%
Light
100%
Mad Clip
100%
RACK
100%
Sin Boy
100%
SNIK
100%
Trannos
100%
YPO
100%
ZiZZi
100%
BOSSIKAN
88%
HemesHermes
88%
Kidd
88%
Mente Fuerte
88%
Negros Tou Moria
88%
Sidarta
88%
Thug Slime
88%
TOQUEL
88%
Yolte
88%
YungKapa
88%
Dani Gambino
75%
FLY LO
75%
Ghetto Queen
75%
Immune
75%
Kimi
75%
RICTA
75%
Roi 6/12
75%
STRAT
75%
FANN
63%
iLLEOo
63%
Lau Jr
63%
Lava
63%
Lektikos Epeksergastis
63%
Loco Franco
63%
Logos Timis
63%
Moose
63%
Nivo
63%
Sadam
63%
Saske
63%
SKEZ
63%
Taki Tsan
63%
VLOSPA
63%
WANG
63%
10xrs
50%
12os Pithikos
50%
Billy Sio
50%
Bres
50%
Diff
50%
duKYS
50%
Ethismos
50%
Gameboy
50%
Ivan Greco
50%
Jitano
50%
Kako
50%
Lil Barty
50%
Long3
50%
Mani
50%
Mikros Kleftis
50%
Orsalios
50%
Pepe Frantik
50%
Rio
50%
Ropex
50%
Sapranov
50%
Smuggler
50%
TAFF
50%
Trouf
50%
YT K
50%
Alecc
38%
Dirty Harry
38%
Donn
38%
DPC
38%
GAB
38%
GXHAN
38%
HGEMONA$
38%
INKA
38%
Kareem Kalokoh
38%
Katohos
38%
Lamanif
38%
Leaderbrain
38%
Likeboss
38%
Mef
38%
MG
38%
Novel 729
38%
Salva
38%
SIGMA
38%
Spine
38%
TAF LATHOS
38%
Thitis
38%
Tsaki
38%
Twelvee
38%
XRS
38%
Yanek
38%
ΔΠΘ
25%
Ραψωδός Φιλόλογος
25%
Alitiz
25%
Anser
25%
ATC Coco
25%
ATC Nico
25%
Dante
25%
Dogoloco
25%
Ellize
25%
Gio Melody
25%
Half Quickie
25%
Hatemost
25%
Iratus
25%
Khay Be
25%
Ladele
25%
Lil Koni
25%
Lil PoP
25%
Mel
25%
Midenistis
25%
Mo Skillz
25%
Nik
25%
Nume
25%
Raiser
25%
Retro
25%
RSK
25%
Styl Mo
25%
Tzamal
25%
Verde
25%
Zinon
25%
adx!
13%
Andriko
13%
BABIS ALANIS
13%
Brando
13%
Brief Talk
13%
Buzz
13%
Cash Amvro
13%
Charmanis
13%
CHOZEN
13%
Daree
13%
DDS
13%
Dio
13%
dPans
13%
For3al
13%
GALLE
13%
Ggreco
13%
Grizzle
13%
IGNES
13%
JOJO
13%
Kal
13%
KANON
13%
Kijha
13%
Klitosislost
13%
Konti
13%
Mpelafon
13%
Musah
13%
Niko Tsan
13%
N.O.E.
13%
Nous
13%
OH6
13%
Onad
13%
Pagonys
13%
Pand
13%
PANDORA
13%
Roran
13%
SENO
13%
Seth
13%
Slogan
13%
Sponty
13%
SSKiN
13%
taz abstract
13%
Terror X Crew
13%
TORO
13%
TSE
13%
$ulee
13%
VouDou
13%
Xara
13%
XATZ
13%
Xxhtos
13%
ZABXZA
13%
Zao
13%
Efta
0%
No matching quizzes found
Score Distribution
Percent of People with Each Score
Percentile by Number Answered
Your Score History
You have not taken this quiz